| 000 | 00769nam a22002297a 4500 | ||
|---|---|---|---|
| 005 | 20170124110049.0 | ||
| 010 | _aB-021779 | ||
| 020 |
_c00.00 _a8185989435 |
||
| 035 | _aB-021779 | ||
| 037 | _bCen Lib/Ret | ||
| 040 |
_aDPL _bEN |
||
| 082 |
_a658.409 _bDWI |
||
| 100 |
_aDwivedi, R. S. _93288 |
||
| 245 |
_aMaking the new manager : _cby R.S. Dwivedi _bin search of HRD excellenc at the engineering horizons of business schools / |
||
| 260 |
_aNew Delhi _bGalgotia Publishing Company _c2000 |
||
| 270 |
_aKarol bagh _bNew Delhi _e110005 |
||
| 300 |
_axiv, 173p. ; _c21cm(Hb) _bill. |
||
| 500 | _aIncludes index | ||
| 650 |
_aExecutives -- India. _980840 |
||
| 650 |
_aBusiness education -- India. _980841 |
||
| 942 |
_2ddc _cEN _h658.409 _mDWI |
||
| 999 |
_c128970 _d128970 |
||